000 00376nam a2200133Ia 4500
005 20260328104252.0
008 260328s9999||||xx |||||||||||||| ||und||
100 _aSanou Alfaro, Ofelia
245 0 _aCosta Rica :
_b Guía de Arquitectura y Paisaje /
_cOfelia Sanou Alfaro
260 _bJunta de Andalucía
300 _a555 p.
650 _aARQUITECTURA REGIONAL
942 _cBK
999 _c10269
_d10269